[Event "Tourn. n8115"]
[Site "www.chess-mail.com"]
[Date "2015.07.20"]
[Round "1"]
[White "Gorgo"]
[Black "Sebolix"]
[WhiteElo "2230"]
[BlackElo "2690"]
[Result "1/2-1/2"]
[Round "1"]
1.d4 e6
2.e4 d5
3.Nb1c3 Bf8b4
4.e5 c5
5.a3 Bb4xc3
6.bxc3 Qd8a5
7.Bc1d2 Qa5a4
8.Qd1g4 Kf8
9.Ng1f3 c4
10.Bf1e2 Ng8e7
11.Ra1a2 h6
12.O-O Nb8c6
13.Rf1b1 b6
14.Nf3h4 Kg8
15.Qg4g3 Bc8d7
16.Rb1a1 Ra8f8
17.Be2g4 Bd7c8
18.Bg4h3 Nc6a5
19.Ra1b1 Qa4e8
20.Bh3g4 Bc8d7
21.Rb1b2 Bd7a4
22.Ra2a1 Na5c6
23.f4 f5
24.Bg4e2 Rh8h7
25.Nh4f3 Qe8g6
26.Qg3f2 Rf8d8
27.Nf3h4 Qg6f7
28.Qf2g3 Kf8
29.Bd2e3 Ke8
30.Nh4f3 Kd7
31.Qg3h4 Rd8g8
32.Be3d2 Rh7h8
33.Ra1b1 Kc7
34.Kh1 Qf7e8
35.Qh4f2 Nc6d8
36.Kg1 Nd8f7
37.h4 g6
38.g3 Ne7c6
39.Be2f1 Qe8e7
40.Bf1g2 Rg8g7
41.Bd2e3 Rh8g8
42.Qf2d2 Kb8
43.Rb1e1 Ka8
44.Qd2c1 Qe7xa3
45.Qc1b1 b5
46.Rb2a2 Qa3e7
47.Qb1c1 a5
48.Re1d1 Nc6a7
49.Qc1d2 Na7c8
50.Rd1b1 Nc8b6
51.Rb1a1 Kb7
52.Ra1b1 Rg8a8
53.Qd2c1 Rg7g8
54.Qc1d2 Rg8b8
55.Qd2e1 Kc8
56.Be3c1 Qe7d8
57.Bc1d2 h5
58.Bd2c1 Qd8d7
59.Bc1a3 Qd7c6
60.Nf3g5 Nf7xg5
61.hxg5 Rb8b7
62.Ba3c5 Kd7
63.Qe1c1 Ra8h8
64.Qc1e1 Rh8a8
{ draw }
1/2-1/2

[Event "Tourn. n8062"]
[Site "www.chess-mail.com"]
[Date "2015.07.20"]
[Round "1"]
[White "Julian"]
[Black "Groz"]
[WhiteElo "2000"]
[BlackElo "1809"]
[Result "1/2-1/2"]
[Round "1"]
1.e4 d6
2.d4 e5
3.Ng1f3 exd4
4.Nf3xd4 Ng8f6
5.Bc1g5 Bf8e7
6.Nb1c3 O-O
7.Bf1c4 a6
8.O-O Nb8c6
9.Nd4f5 h6
10.Bg5xf6 Be7xf6
11.Rf1e1 Rf8e8
12.Qd1h5 Bc8e6
13.Bc4xe6 Re8xe6
14.Nc3d5 Nc6e7
15.Nd5xf6 Re6xf6
16.Nf5e3 Ne7g6
17.Ne3f5 Ng6e7
18.Ra1d1 Ne7xf5
19.exf5 d5
20.Re1e3 Qd8d7
21.g4 Rf6b6
22.b3 Ra8e8
23.Re3d3 Rb6d6
24.c4 dxc4
25.Rd3xd6 cxd6
26.bxc4 Qd7c6
27.g5 hxg5
28.Qh5xg5 Qc6xc4
29.Rd1xd6 Re8e1
30.Kg2 Qc4f1
31.Kf3 Qf1h1
32.Qg5g2 Qh1xg2
33.Kxg2 Re1e2
34.a4 Re2e5
35.Rd6b6 Re5xf5
36.Rb6xb7 Rf5f4
37.a5 Rf4f5
38.Rb7a7 Rf5xa5
39.Kg3 Ra5a1
40.h4 g6
41.f4 a5
42.Kg4 a4
43.Kg5 Kg7
44.f5 gxf5
45.h5 Ra1g1
46.Kxf5 Rg1h1
47.Ra7xa4 Rh1xh5
48.Kg4 Rh5h1
49.Ra4a8 Rh1g1
50.Kf3 Rg1b1
51.Kg4 Rb1b3
52.Kf4 Kg6
53.Ra8g8 Kf6
54.Rg8a8 Rb3b4
55.Kf3 Rb4b5
56.Ra8a4 Rb5b3
57.Kf4 Rb3b6
58.Ra4c4 { draw }
1/2-1/2

[Event "Tourn. n8182"]
[Site "www.chess-mail.com"]
[Date "2015.07.20"]
[Round "1"]
[White "Hrob71"]
[Black "Attatroll"]
[WhiteElo "2050"]
[BlackElo "1920"]
[Result "1-0"]
[Round "1"]
1.e4 d5
2.exd5 Qd8xd5
3.Nb1c3 Qd5d8
4.d4 Ng8f6
5.Ng1f3 Bc8g4
6.Bf1e2 e6
7.O-O Bf8e7
8.Bc1f4 O-O
9.h3 Bg4xf3
10.Be2xf3 c6
11.Rf1e1 Nb8d7
12.Qd1d2 Be7b4
13.a3 Bb4a5
14.b4 Ba5c7
15.Bf4g5 h6
16.Bg5xf6 Nd7xf6
17.Nc3e4 Nf6d5
18.g3 Qd8e7
19.c4 Nd5f6
20.Qd2c2 Rf8d8
21.Ra1d1 Nf6xe4
22.Qc2xe4 Qe7f6
23.d5 cxd5
24.cxd5 exd5
25.Rd1xd5 Rd8xd5
26.Qe4xd5 Ra8d8
27.Qd5xb7 Bc7b6
28.Re1f1 Rd8d2
29.Qb7c6 Rd2d6
30.Qc6e8 Kh7
31.Qe8e4 Kg8
32.Kg2 Rd6e6
33.Qe4c2 g5
34.Rf1c1 Kg7
35.a4 a5
36.b5 Qf6d4
37.Qc2c3 Re6f6
38.Qc3xd4 Bb6xd4
39.Rc1c2 Bd4b6
40.Rc2c6 Rf6xc6
41.Bf3xc6 f5
42.f4 gxf4
43.gxf4 Kf6
44.Kf3 Ke6
45.Ke2 Kd6
46.Kd3 Bb6d8
47.Bc6e8 Bd8b6
48.Be8g6 Ke6
49.Kc4 Bb6e3
50.Bg6h7 Be3xf4
51.Kc5 Bf4e3
52.Kc6 f4
53.b6 Be3xb6
54.Kxb6 Ke5
55.Bh7d3 Kd4
56.Bd3f1 { resign }
1-0

[Event "Tourn. n8177"]
[Site "www.chess-mail.com"]
[Date "2015.07.20"]
[Round "1"]
[White "Cardiff"]
[Black "Liencam2"]
[WhiteElo "2030"]
[BlackElo "2300"]
[Result "0-1"]
[Round "1"]
1.f4 d5
2.b3 Bc8g4
3.Bc1b2 Nb8c6
4.Ng1f3 Bg4xf3
5.exf3 Qd8d6
6.g3 h5
7.Bf1g2 h4
8.a3 e6
9.d4 Ng8f6
10.Qd1e2 hxg3
11.hxg3 Rh8xh1
12.Bg2xh1 g5
13.Qe2e3 Nf6h5
14.Qe3f2 gxf4
15.g4 Nh5g3
16.Bh1g2 Bf8g7
17.c3 O-O-O
18.Nb1d2 Rd8e8
19.O-O-O e5
20.dxe5 Re8xe5
21.Nd2c4 Ng3e2
22.Kb1 Qd6g6
{ resign }
0-1

[Event "Tourn. n8217"]
[Site "www.chess-mail.com"]
[Date "2015.07.20"]
[Round "1"]
[White "Scasan55"]
[Black "Andreachess"]
[WhiteElo "1930"]
[BlackElo "1930"]
[Result "1-0"]
[Round "1"]
1.e4 e5
2.Ng1f3 Ng8f6
3.d4 Nf6xe4
4.Nf3xe5 d6
5.Ne5f3 d5
6.Bf1d3 Nb8c6
7.O-O Bf8e7
8.Rf1e1 Bc8g4
9.Bd3xe4 dxe4
10.Re1xe4 Bg4xf3
11.Qd1xf3 Nc6xd4
12.Qf3e3 Nd4xc2
13.Qe3e2 Nc2xa1
14.Bc1g5 f6
15.Bg5h4 Ra8c8
16.Bh4xf6 gxf6
17.Qe2h5 Kf8
18.Qh5h6 Kg8
19.Re4g4 Kf7
20.Qh6g7 Ke6
21.Rg4e4 Kd5
22.Re4xe7 Rh8e8
23.Nb1c3 Kc6
24.Qg7xf6 Qd8d6
25.Qf6f3 Kc5
26.Nc3e4 { resign }
1-0

[Event "Tourn. n8181"]
[Site "www.chess-mail.com"]
[Date "2015.07.20"]
[Round "1"]
[White "Anja"]
[Black "Falcoale"]
[WhiteElo "1640"]
[BlackElo "1830"]
[Result "0-1"]
[Round "1"]
1.d4 Ng8f6
2.Ng1f3 e6
3.Bc1f4 h6
4.c4 b6
5.e3 Bc8b7
6.Bf1e2 Bf8b4
7.Nb1c3 Nf6e4
8.Qd1b3 Ne4xc3
9.bxc3 Bb4e7
10.O-O O-O
11.Be2d3 Bb7xf3
12.gxf3 Be7g5
13.Bf4g3 d6
14.Kh1 Nb8d7
15.Rf1g1 Bg5e7
16.Bg3f4 Be7g5
17.Bf4xg5 hxg5
18.Qb3b5 Nd7f6
19.Qb5xg5 g6
20.Bd3xg6 fxg6
 { time }
0-1

[Event "Tourn. n8200"]
[Site "www.chess-mail.com"]
[Date "2015.07.20"]
[Round "1"]
[White "Flick"]
[Black "Albertf"]
[WhiteElo "1600"]
[BlackElo "1710"]
[Result "1-0"]
[Round "1"]
1.d4 d5
2.c4 Ng8f6
3.Nb1c3 g6
4.Ng1f3 Bf8g7
5.b3 O-O
6.Ra1b1 c6
7.e3 e6
8.Bf1d3 Nb8d7
9.e4 dxe4
10.Nc3xe4 Nf6xe4
11.Bd3xe4 Nd7f6
12.Bc1g5 h6
13.Bg5xf6 Bg7xf6
14.O-O Bf6g7
15.h4 Qd8d7
16.Nf3e5 Bg7xe5
17.dxe5 Qd7xd1
18.Rb1xd1 f5
19.exf6 Rf8xf6
20.Rd1d8 Kg7
21.f4 Rf6f8
22.Rf1d1 Rf8xf4
23.Be4f3 g5
24.h5 Rf4f8
25.Bf3g4 e5
26.Bg4xc8 Ra8xc8
27.Rd8d7 Rf8f7
28.a4 Rc8c7
29.Rd7d6 e4
30.Rd6g6 { resign }
1-0

[Event "Tourn. n8269"]
[Site "www.chess-mail.com"]
[Date "2015.07.20"]
[Round "1"]
[White "Mrbabu"]
[Black "Bojan"]
[WhiteElo "2050"]
[BlackElo "1890"]
[Result "1-0"]
[Round "1"]
1.d4 d5
2.Ng1f3 Nb8c6
3.Bc1f4 e6
4.a3 g6
5.e3 Bf8g7
6.Nb1c3 a6
7.h3 Ng8f6
8.Bf1d3 Nf6h5
9.Bf4h2 Nc6a7
10.O-O Nh5f6
11.Nf3e5 Nf6d7
12.f4 Nd7xe5
13.fxe5 f6
14.exf6 Bg7xf6
15.Qd1e2 Qd8e7
16.Rf1xf6 Qe7xf6
17.Bh2e5 Qf6f8
18.Ra1f1 Qf8g8
19.Be5xh8 Qg8xh8
20.Qe2f3 Qh8g8
21.Qf3f4 Qg8g7
22.Qf4g5 Bc8d7
23.Nc3e2 Na7c6
24.Ne2g3 Nc6e7
25.Ng3h5 Qg7g8
26.Nh5f6 { resign }
1-0

[Event "Tourn. n8306"]
[Site "www.chess-mail.com"]
[Date "2015.07.20"]
[Round "1"]
[White "Bojan"]
[Black "Guidom"]
[WhiteElo "1890"]
[BlackElo "2070"]
[Result "0-1"]
[Round "1"]
1.e4 e5
2.Ng1f3 Nb8c6
3.Bf1b5 Ng8f6
4.Nb1c3 d6
5.Bb5xc6 bxc6
6.d4 exd4
7.Qd1xd4 c5
8.Qd4c4 Bc8e6
9.Nc3d5 Be6xd5
10.exd5 Bf8e7
11.Qc4a4 Qd8d7
12.Qa4xd7 Nf6xd7
13.O-O O-O
14.c4 Be7f6
15.Ra1b1 Nd7e5
16.Nf3xe5 Bf6xe5
17.Bc1e3 Ra8b8
18.b3 f5
19.f4 Be5f6
20.Be3d2 Rf8e8
21.Rf1e1 Kf7
22.Kf2 Bf6d4
23.Kf3 g6
24.h3 h5
25.Re1e2 Re8xe2
26.Kxe2 Rb8e8
27.Kf3 Kf6
28.Rb1f1 Re8e7
29.Bd2e1 Re7e3
30.Kf2 Re3xb3
31.Ke2 Rb3b2
32.Kd3 Rb2xg2
33.a4 Rg2a2
34.Be1h4 Kf7
35.Bh4d8 Ra2xa4
36.h4 Ra4a3
37.Kc2 Ra3c3
38.Kd2 Rc3xc4
39.Bd8xc7 Ke7
40.Rf1f3 Kd7
41.Bc7b8 Rc4a4
42.Rf3g3 Ra4a2
43.Kd1 Ra2a1
44.Kc2 Ra1g1
45.Rg3a3 Rg1a1
46.Ra3g3 Ra1g1
47.Rg3a3 Rg1g2
48.Kd1 Rg2g1
49.Ke2 c4
50.Bb8xa7 Rg1a1
51.Ra3xa1 Bd4xa1
52.Ke3 Ba1f6
53.Kd2 Kc7
54.Ba7f2 Kb7
55.Kc2 Ka6
{ resign }
0-1

[Event "Tourn. n8241"]
[Site "www.chess-mail.com"]
[Date "2015.07.20"]
[Round "1"]
[White "Stepanpech"]
[Black "Korbacik"]
[WhiteElo "2460"]
[BlackElo "2340"]
[Result "0-1"]
[Round "1"]
1.e4 c5
2.Ng1f3 d6
3.d4 cxd4
4.Nf3xd4 Ng8f6
5.Nb1c3 a6
6.Bc1e3 e5
7.Nd4b3 Bf8e7
8.Bf1e2 Bc8e6
9.O-O { time. }
0-1

[Event "Tourn. n8241"]
[Site "www.chess-mail.com"]
[Date "2015.07.20"]
[Round "1"]
[White "Stepanpech"]
[Black "Cathar"]
[WhiteElo "2460"]
[BlackElo "2300"]
[Result "0-1"]
[Round "1"]
1.c4 e6
2.Nb1c3 Bf8b4
3.d4 c5
4.e3 Nb8c6
5.Ng1f3 Bb4xc3
6.bxc3 d6
7.Bf1d3 e5
8.O-O Ng8f6
9.Nf3d2 O-O
10.d5 Nc6e7
11.Qd1c2 { time. }
0-1

[Event "Tourn. n8210"]
[Site "www.chess-mail.com"]
[Date "2015.07.20"]
[Round "1"]
[White "Colchester"]
[Black "Groz"]
[WhiteElo "2030"]
[BlackElo "2000"]
[Result "1-0"]
[Round "1"]
1.d4 f5
2.e4 d6
3.exf5 Bc8xf5
4.Bf1d3 Bf5xd3
5.Qd1xd3 c6
6.Ng1f3 Ng8f6
7.O-O g6
8.c4 Bf8g7
9.Nb1c3 O-O
10.Rf1e1 Rf8e8
11.b3 Nb8d7
{ time. }
1-0

[Event "Tourn. n8199"]
[Site "www.chess-mail.com"]
[Date "2015.07.20"]
[Round "1"]
[White "Anja"]
[Black "Traub"]
[WhiteElo "1680"]
[BlackElo "1770"]
[Result "0-1"]
[Round "1"]
1.d4 d5
2.Ng1f3 Ng8f6
3.Bc1f4 e6
4.e3 c5
5.c4 b6
6.Nb1c3 Nb8c6
7.Bf1e2 Bc8b7
8.O-O Bf8e7
9.Nc3b5 a6
10.Nb5c7 Kf8
11.Nc7xa8 Bb7xa8
12.cxd5 Nf6xd5
13.Bf4g3 f5
14.Be2xa6 g5
15.Nf3e5 cxd4
 { time }
0-1

[Event "Tourn. n8235"]
[Site "www.chess-mail.com"]
[Date "2015.07.20"]
[Round "1"]
[White "Yangqi"]
[Black "Winterlude"]
[WhiteElo "2320"]
[BlackElo "2520"]
[Result "1-0"]
[Round "1"]
1.e4 d5
2.exd5 Qd8xd5
3.Ng1f3 Bc8g4
4.Bf1e2 Nb8c6
5.d4 O-O-O
6.Bc1e3 Ng8h6
7.Nb1d2 Nh6f5
8.c3 e5
9.c4 Qd5a5
10.d5 Bg4xf3
11.Be2xf3 Nf5xe3
12.fxe3 Bf8c5
13.Qd1b3 h5
14.O-O-O Nc6b8
15.Nd2e4 f5
16.Ne4xc5 Qa5xc5
17.e4 f4
18.Qb3c3 Nb8d7
19.b4 Qc5e7
20.c5 Kb8
21.Kb2 Nd7f6
22.c6 bxc6
23.dxc6 g5
24.Qc3c4 Ka8
25.a3 Rd8b8
26.Bf3e2 Rb8b6
27.Rd1d2 Rh8b8
28.Rh1d1 a6
29.Ka2 g4
30.Be2f1 Rb8h8
31.Rd2d3 h4
32.Rd3d2 Ka7
33.Ka1 Rh8e8
34.Qc4c2 Re8f8
35.Qc2c4  { time }
1-0

[Event "Tourn. n8235"]
[Site "www.chess-mail.com"]
[Date "2015.07.20"]
[Round "1"]
[White "Rons"]
[Black "Nimzo"]
[WhiteElo "2540"]
[BlackElo "2720"]
[Result "1/2-1/2"]
[Round "1"]
1.e4 e6
2.d4 d5
3.Nb1c3 Ng8f6
4.Bc1g5 dxe4
5.Nc3xe4 Bf8e7
6.Bg5xf6 gxf6
7.Ng1f3 f5
8.Ne4c3 a6
9.Qd1e2 b5
10.O-O-O b4
11.Nc3a4 Qd8d5
12.c4 Qd5a5
13.b3 Bc8d7
14.Na4c5 Be7xc5
15.dxc5 Nb8c6
16.Nf3g5 Ra8d8
17.Ng5xf7 Kxf7
18.Qe2h5 Kg7
19.Qh5g5 { draw }
1/2-1/2

[Event "Tourn. n8235"]
[Site "www.chess-mail.com"]
[Date "2015.07.20"]
[Round "1"]
[White "Yangqi"]
[Black "Nimzo"]
[WhiteElo "2320"]
[BlackElo "2720"]
[Result "1/2-1/2"]
[Round "1"]
1.d4 Ng8f6
2.Bc1g5 Nf6e4
3.Bg5f4 d5
4.e3 c5
5.Bf1d3 cxd4
6.exd4 Nb8c6
7.Bd3xe4 dxe4
8.Ng1e2 g6
9.Nb1c3 Bf8g7
10.d5 Nc6e5
11.Nc3xe4 Bc8f5
12.Ne2g3 Qd8a5
13.Qd1d2 Qa5xd2
14.Bf4xd2 Ne5c4
15.Bd2c3 Bg7xc3
16.bxc3 Bf5xe4
17.Ng3xe4 O-O
18.O-O-O Rf8d8
19.Rh1e1 Ra8c8
20.Rd1d4 b5
21.Ne4d2 Nc4d6
22.g4 Rd8d7
23.Kb2 Kf8
24.Re1e3 a5
25.a3 { draw }
1/2-1/2

[Event "Tourn. n8234"]
[Site "www.chess-mail.com"]
[Date "2015.07.20"]
[Round "1"]
[White "Anja"]
[Black "Imkrebsgang"]
[WhiteElo "1810"]
[BlackElo "1930"]
[Result "0-1"]
[Round "1"]
1.d4 d5
2.Ng1f3 Nb8c6
3.Nb1c3 Bc8f5
4.Bc1f4 Nc6b4
5.Ra1c1 c6
6.e3 Qd8a5
7.a3 Nb4a2
8.Rc1b1 Na2xc3
9.bxc3 Qa5xc3
10.Qd1d2 Qc3xc2
11.Rb1xb7 Ng8f6
12.Qd2xc2 Bf5xc2
13.Bf1e2 e6
14.Kd2 Bc2a4
15.Nf3e5 Bf8xa3
16.Rh1a1 Nf6e4
17.Ke1 Ne4d6
18.Ra1xa3 Nd6xb7
19.Ra3xa4 a5
 { time }
0-1

[Event "Tourn. n8246"]
[Site "www.chess-mail.com"]
[Date "2015.07.20"]
[Round "1"]
[White "Andychesston"]
[Black "Colchester"]
[WhiteElo "1890"]
[BlackElo "2040"]
[Result "1-0"]
[Round "1"]
1.e4 e5
2.Ng1f3 Nb8c6
3.d4 exd4
4.Nf3xd4 Bf8c5
5.Bc1e3 Qd8f6
6.c3 Ng8e7
7.Qd1d2 h6
{ time. }
1-0

[Event "Tourn. n8200"]
[Site "www.chess-mail.com"]
[Date "2015.07.20"]
[Round "1"]
[White "Hdr"]
[Black "Albertf"]
[WhiteElo "1779"]
[BlackElo "1710"]
[Result "0-1"]
[Round "1"]
1.d4 d5
2.c4 Ng8f6
3.Nb1c3 g6
4.Ng1f3 Bf8g7
5.Qd1b3 O-O
6.cxd5 c6
7.e4 cxd5
8.e5 Nf6e4
9.Qb3xd5 Ne4xc3
10.Qd5xd8 Rf8xd8
11.bxc3 Nb8c6
12.Bf1e2 Bc8g4
13.h3 Bg4xf3
14.Be2xf3 Ra8b8
15.Bc1a3 e6
16.Ra1b1 Nc6a5
{ resign }
0-1

[Event "Tourn. n8180"]
[Site "www.chess-mail.com"]
[Date "2015.07.20"]
[Round "1"]
[White "Anja"]
[Black "Powerchess"]
[WhiteElo "1660"]
[BlackElo "1460"]
[Result "1-0"]
[Round "1"]
1.d4 d5
2.Ng1f3 Ng8f6
3.Bc1f4 c6
4.e3 Bc8f5
5.Bf1d3 Bf5xd3
6.Qd1xd3 e6
7.O-O Bf8d6
8.Nf3e5 O-O
9.Nb1d2 Qd8c7
10.Nd2f3 Nb8d7
11.c4 dxc4
12.Qd3xc4 Nf6d5
13.Ne5xd7 Qc7xd7
14.Bf4e5 Nd5b6
15.Qc4d3 Bd6xe5
16.Nf3xe5 Qd7d5
17.b3 { resign }
1-0

[Event "Tourn. n8174"]
[Site "www.chess-mail.com"]
[Date "2015.07.20"]
[Round "1"]
[White "Anja"]
[Black "Grimsby"]
[WhiteElo "1640"]
[BlackElo "1700"]
[Result "1-0"]
[Round "1"]
1.d4 d5
2.Ng1f3 Ng8f6
3.Bc1f4 c6
4.e3 g6
5.Bf1d3 Bf8g7
6.O-O O-O
7.Nb1d2 Bc8g4
8.h3 Bg4xf3
9.Qd1xf3 Nb8d7
10.c3 Rf8e8
11.e4 Nf6xe4
12.Nd2xe4 dxe4
13.Bd3xe4 Nd7f6
14.Be4c2 Qd8d5
15.Qf3xd5 Nf6xd5
16.Bf4e3 Nd5xe3
17.fxe3 e5
18.Bc2b3 Re8e7
19.Rf1f3 exd4
20.exd4 Ra8d8
21.Ra1f1 Rd8f8
22.d5 cxd5
23.Bb3xd5 Bg7e5
24.Rf3d3  { time }
1-0

[Event "Tourn. n8135"]
[Site "www.chess-mail.com"]
[Date "2015.07.20"]
[Round "1"]
[White "Sontuozio"]
[Black "T9l9"]
[WhiteElo "2120"]
[BlackElo "2209"]
[Result "1/2-1/2"]
[Round "1"]
1.d4 Ng8f6
2.Ng1f3 d5
3.e3 e6
4.Bf1d3 Nb8d7
5.Nb1d2 c5
6.c3 b6
7.O-O Bc8b7
8.a3 cxd4
9.cxd4 Bf8d6
10.b4 O-O
11.Bc1b2 Nf6e4
12.Ra1c1 Ne4xd2
13.Qd1xd2 a6
14.Rc1c2 b5
15.Rf1c1 Nd7b6
16.Qd2e2 f5
17.Nf3e5 Nb6c4
18.Qe2h5 Bd6xe5
19.dxe5 Nc4xb2
20.Rc2xb2 d4
21.exd4 Qd8xd4
22.Qh5e2 Qd4d5
23.f3 Rf8d8
24.Bd3b1 Qd5d4
25.Kh1 Ra8c8
26.Rc1xc8 Rd8xc8
27.Rb2c2 Rc8c3
28.Rc2xc3 Qd4xc3
29.Qe2d1 h6
30.h3 Qc3xe5
31.Bb1a2 Kh7
32.Qd1d7 Qe5a1
33.Kh2 Qa1xa2
34.Qd7xb7 Qa2xa3
35.Qb7e7 Qa3a2
36.h4 Qa2d5
37.h5 Qd5e5
38.Kh1 f4
39.Qe7f7 Qe5f6
40.Qf7e8 Qf6a1
41.Kh2 Qa1b1
42.Qe8xe6 Qb1xb4
43.Qe6g6 Kg8
44.Qg6e6 Kf8
45.Qe6xa6 Qb4c5
46.Qa6a8 Kf7
47.Qa8b7 Kf6
48.Qb7a6 Ke5
49.Qa6g6 Qc5e7
50.Qg6e4 Kd6
51.Qe4b4 Ke6
52.Qb4xb5 { draw }
1/2-1/2

[Event "Tourn. n8291"]
[Site "www.chess-mail.com"]
[Date "2015.07.20"]
[Round "1"]
[White "A27l"]
[Black "Cccp"]
[WhiteElo "1130"]
[BlackElo "1150"]
[Result "1-0"]
[Round "1"]
1.b3 Ng8f6
2.Bc1b2 d5
3.Bb2xf6 gxf6
4.d4 Nb8c6
5.e3 Bf8h6
6.Nb1c3 Bc8f5
7.Bf1d3  { time }
1-0

[Event "Tourn. n8291"]
[Site "www.chess-mail.com"]
[Date "2015.07.20"]
[Round "1"]
[White "A27l"]
[Black "Gatrooper"]
[WhiteElo "1130"]
[BlackElo "1200"]
[Result "0-1"]
[Round "1"]
1.e4 e5
2.Ng1f3 Nb8c6
3.g3 a6
4.Bf1g2 Ng8f6
5.d3 h6
6.c3 d6
7.O-O Nf6g4
8.h3 Ng4f6
9.g4 Bf8e7
10.Nf3h2 Bc8d7
11.f3 Bd7e6
12.Nb1a3 h5
13.Bc1g5 Nf6h7
14.Bg5xe7 Nc6xe7
15.c4 { time. }
0-1

[Event "Tourn. n8294"]
[Site "www.chess-mail.com"]
[Date "2015.07.20"]
[Round "1"]
[White "Cccp"]
[Black "A27l"]
[WhiteElo "1150"]
[BlackElo "1130"]
[Result "0-1"]
[Round "1"]
1.e4 e5
2.Ng1f3 d6
3.Bf1c4 h6
4.h4 Ng8f6
5.d3 Bc8e6
6.Bc4xe6 fxe6
7.Bc1e3 Bf8e7
 { time }
0-1

[Event "Tourn. n8294"]
[Site "www.chess-mail.com"]
[Date "2015.07.20"]
[Round "1"]
[White "Hansen"]
[Black "Culiflori"]
[WhiteElo "1390"]
[BlackElo "999"]
[Result "0-1"]
[Round "1"]
1.e4 e5
2.Qd1h5 Nb8c6
3.Bf1b5 Ng8f6
4.Qh5f5 d6
5.Qf5f3 Bc8d7
6.Nb1c3 Nc6d4
7.Qf3d3 Nd4xb5
8.Nc3xb5 a6
9.Nb5c3 Bf8e7
10.a3 Bd7c6
11.Ng1f3 O-O
12.h4 Qd8d7
13.b3 Qd7g4
14.g3 Nf6xe4
15.Nc3d5 Bc6xd5
16.Nf3h2 Qg4h3
17.Qd3xd5 Qh3g2
18.Rh1f1 Kh8
19.Nh2g4 c6
20.Qd5c4 d5
21.Qc4d3 f5
22.Ng4xe5 Be7f6
23.f3 Ne4xg3
24.Ne5g6 hxg6
25.c3 Rf8e8
26.Kd1 Ng3xf1
27.Kc2 Bf6xh4
28.b4 Bh4g5
29.Bc1b2 Nf1e3
30.Kb3 Ne3c4
31.Bb2c1 Nc4xd2
32.Ka4 Qg2xf3
33.Qd3c2 Nd2e4
34.Bc1b2 Bg5d2
35.c4 b5
36.Ka5 Bd2f4
37.cxb5 axb5
38.Kb6 Qf3e3
39.Kb7 Qe3a7
40.Kxc6 Re8c8
{ resign }
0-1

[Event "Tourn. n8294"]
[Site "www.chess-mail.com"]
[Date "2015.07.20"]
[Round "1"]
[White "Culiflori"]
[Black "Cccp"]
[WhiteElo "999"]
[BlackElo "1150"]
[Result "1-0"]
[Round "1"]
1.e4 e6
2.d4 d5
3.Nb1c3 Ng8f6
4.Bc1g5 dxe4
5.Nc3xe4 Bf8e7
6.Bg5xf6 Be7xf6
7.Ng1f3 O-O
8.Bf1c4 Nb8c6
9.O-O  { time }
1-0

[Event "Tourn. n8296"]
[Site "www.chess-mail.com"]
[Date "2015.07.20"]
[Round "1"]
[White "Culiflori"]
[Black "A27l"]
[WhiteElo "999"]
[BlackElo "1130"]
[Result "1-0"]
[Round "1"]
1.e4 e5
2.Ng1f3 d6
3.d4 Nb8c6
4.dxe5 dxe5
5.Qd1xd8 Nc6xd8
6.Nf3xe5 Bc8e6
7.Nb1c3 c6
8.Bc1f4 Ng8f6
9.O-O-O Bf8e7
10.f3 O-O
11.g4 h6
12.h4 b5
{ time. }
1-0

[Event "Tourn. n8141"]
[Site "www.chess-mail.com"]
[Date "2015.07.20"]
[Round "1"]
[White "Powerchess"]
[Black "Oliverio"]
[WhiteElo "1400"]
[BlackElo "1590"]
[Result "0-1"]
[Round "1"]
1.d4 Ng8f6
2.c4 d6
3.Nb1c3 e5
4.dxe5 dxe5
5.Qd1xd8 Kxd8
6.Bc1g5 c6
7.O-O-O Kc7
8.f3 Bc8e6
9.e4 Nf6d7
10.b3 f6
11.Bg5e3 Bf8c5
12.Be3xc5 Nd7xc5
13.Kc2 Nb8a6
14.a3 Ra8d8
15.Bf1e2 Be6f7
16.Ng1h3 Nc5e6
17.b4 Ne6d4
18.Kc1 Nd4xe2
19.Nc3xe2 Bf7xc4
20.Ne2c3 Bc4b3
21.Rd1xd8 Rh8xd8
22.Kb2 Bb3e6
23.Nh3f2 Rd8d2
24.Kb1 { time. }
0-1

[Event "Tourn. n8141"]
[Site "www.chess-mail.com"]
[Date "2015.07.20"]
[Round "1"]
[White "Powerchess"]
[Black "Jftgalloso"]
[WhiteElo "1400"]
[BlackElo "1700"]
[Result "0-1"]
[Round "1"]
1.d4 e6
2.c4 f5
3.Ng1f3 Ng8f6
4.Nb1c3 c6
5.Bc1g5 Bf8e7
6.e3 d5
7.Nf3e5 Nf6d7
8.Bg5xe7 Qd8xe7
9.Ne5xd7 Nb8xd7
10.Bf1e2 Nd7f6
11.O-O a6
12.Ra1c1 b5
13.cxd5 exd5
14.Be2f3 Bc8b7
{ resign }
0-1

[Event "Tourn. n8183"]
[Site "www.chess-mail.com"]
[Date "2015.07.20"]
[Round "1"]
[White "Faerieking"]
[Black "Abuelo"]
[WhiteElo "2110"]
[BlackElo "2080"]
[Result "1-0"]
[Round "1"]
1.e4 e5
2.Ng1f3 d6
3.d4 exd4
4.Bf1c4 Bc8g4
5.c3 dxc3
6.Qd1b3 Qd8e7
7.Qb3xb7 Bg4xf3
8.gxf3 c6
9.Qb7xa8 Qe7c7
10.Nb1xc3 Ng8e7
11.Bc1e3 Ne7c8
12.Rh1g1 Bf8e7
13.Rg1xg7 Rh8f8
14.Rg7xh7 Be7g5
15.Be3xg5 Nc8b6
16.Qa8xb8 Qc7xb8
17.Bc4b3 d5
18.O-O-O f6
19.Bg5e3 Nb6d7
20.exd5 cxd5
21.Nc3xd5 Qb8c8
22.Nd5c3 Nd7e5
23.Bb3a4 Ne5c6
24.Be3c5 Rf8f7
25.Rh7h8 { resign }
1-0

[Event "Tourn. n8224"]
[Site "www.chess-mail.com"]
[Date "2015.07.20"]
[Round "1"]
[White "Comrade"]
[Black "Difficult"]
[WhiteElo "2090"]
[BlackElo "2060"]
[Result "1-0"]
[Round "1"]
1.c4 Ng8f6
2.d4 e5
3.dxe5 Nf6e4
4.Nb1d2 Bf8b4
5.a3 Bb4xd2
6.Bc1xd2 Nb8c6
7.Ng1f3  { time }
1-0

[Event "Tourn. n8224"]
[Site "www.chess-mail.com"]
[Date "2015.07.20"]
[Round "1"]
[White "Difficult"]
[Black "Hali"]
[WhiteElo "2060"]
[BlackElo "2090"]
[Result "0-1"]
[Round "1"]
1.d4 d5
2.Bc1f4 c5
3.c3 Nb8c6
4.e3 e6
5.Nb1d2 Qd8b6
6.Qd1b3 Ng8f6
7.dxc5 Bf8xc5
8.Qb3xb6 Bc5xb6
9.Ng1f3 a6
10.Nf3e5 O-O
11.Bf1d3 Bb6a7
 { time }
0-1

[Event "Tourn. n8269"]
[Site "www.chess-mail.com"]
[Date "2015.07.20"]
[Round "1"]
[White "Bojan"]
[Black "Roserl"]
[WhiteElo "1890"]
[BlackElo "1900"]
[Result "0-1"]
[Round "1"]
1.e4 c5
2.Ng1f3 Nb8c6
3.d4 cxd4
4.Nf3xd4 Ng8f6
5.Nb1c3 e6
6.a3 Bf8c5
7.Bc1g5 h6
8.Nd4xc6 bxc6
9.e5 hxg5
10.exf6 Qd8xf6
11.Qd1d2 d5
12.Nc3a4 Bc5d6
13.c3 O-O
14.Bf1d3 Bd6f4
15.Qd2e2 Bf4d6
16.b4 e5
17.f3 g6
18.Ra1c1 Kg7
19.b5 cxb5
20.Bd3xb5 Bd6xa3
21.Rc1a1 Ba3e7
22.Bb5c6 Qf6xc6
23.Qe2xe5 Be7f6
24.Qe5g3 Rf8e8
25.Kd2 Bc8a6
26.Rh1e1 Re8xe1
27.Qg3xe1 Ba6b5
28.Na4b2 Bf6xc3
{ resign }
0-1

[Event "Tourn. n8269"]
[Site "www.chess-mail.com"]
[Date "2015.07.20"]
[Round "1"]
[White "Mrbabu"]
[Black "Gegonz"]
[WhiteElo "2050"]
[BlackElo "1970"]
[Result "1-0"]
[Round "1"]
1.e4 c6
2.d4 d5
3.e5 Bc8f5
4.f4 e6
5.Ng1f3 c5
6.Bf1d3 Bf5xd3
7.Qd1xd3 Nb8c6
8.c3 cxd4
9.cxd4 Bf8b4
10.Nb1c3 Ng8e7
11.O-O O-O
12.a3 Bb4a5
13.Bc1e3 Ne7f5
14.Be3f2 a6
15.h3 b5
16.b4 Ba5b6
17.Nc3e2 h6
18.g4 Nf5e7
19.f5 exf5
20.gxf5 Kh8
21.f6 gxf6
22.exf6 Rf8g8
23.Kh1 Ne7g6
24.Qd3f5 Qd8e8
25.Ne2g3 Qe8c8
26.Qf5h5 Qc8f8
27.Ng3f5 Kh7
28.Nf3g5 { resign }
1-0

[Event "Tourn. n8287"]
[Site "www.chess-mail.com"]
[Date "2015.07.20"]
[Round "1"]
[White "Szustan"]
[Black "Nimzo"]
[WhiteElo "2620"]
[BlackElo "2720"]
[Result "1-0"]
[Round "1"]
1.e4 e6
2.d4 d5
3.Nb1c3 Ng8f6
4.e5 Nf6d7
5.f4 c5
6.Ng1f3 Nb8c6
7.Bc1e3 a6
8.Qd1d2 Bf8e7
9.Bf1e2 O-O
10.O-O b5
11.a3 Bc8b7
12.dxc5 Be7xc5
13.Be3xc5 Nd7xc5
14.Nf3d4 Qd8b6
15.Ra1d1  { time }
1-0

[Event "Tourn. n8146"]
[Site "www.chess-mail.com"]
[Date "2015.07.20"]
[Round "1"]
[White "Guidom"]
[Black "Falcoale"]
[WhiteElo "2080"]
[BlackElo "1990"]
[Result "1-0"]
[Round "1"]
1.e4 c5
2.Ng1f3 Nb8c6
3.d4 cxd4
4.Nf3xd4 e6
5.c3 Ng8f6
6.Bf1d3 d5
7.exd5 Nf6xd5
8.Nd4xc6 bxc6
9.O-O Bc8b7
10.Qd1c2 h6
11.Rf1d1 Qd8c7
12.Nb1d2 Bf8d6
13.h3 Nd5f4
14.Bd3e4 Nf4e2
15.Kf1 Ne2xc1
16.Ra1xc1 O-O
17.Nd2b3 f5
18.Be4f3 e5
19.Bf3h5 c5
20.Nb3d2 Rf8f6
21.c4 e4
22.Nd2b3 Ra8f8
23.Qc2d2 Rf8d8
24.Qd2c3 Qc7e7
25.Rc1c2 Qe7f8
26.Rc2d2 f4
27.Nb3xc5 e3
28.Rd2d4 Bb7c6
29.b4 Rf6f5
30.Nc5e6 Qf8f6
31.Ne6xd8 Rf5xh5
32.Nd8xc6 Bd6e5
33.Rd4d8 Kh7
34.Nc6xe5 Rh5xe5
35.Rd8d6 e2
36.Kg1 exd1Q
37.Rd6xd1 Qf6e7
38.a3 Re5e4
39.Qc3d3 Kh8
40.Qd3d8 Qe7xd8
41.Rd1xd8 Kh7
42.c5 Re4e1
43.Kh2 Re1a1
44.Rd8d3 g5
45.Rd3c3 Ra1d1
46.c6 Rd1d8
47.a4 Rd8c8
48.b5 Kg7
49.a5 Kf7
50.b6 axb6
51.axb6 { resign }
1-0